000 00317nam a2200133Ia 4500
008 240624s9999 xx 000 0 und d
041 _aeng
082 _a006.76 MCG
100 _aMCGOVERN JAMES
245 _aJ2EE 1 4 BIBLE
260 _c2005
_aNew Delhi
_bWiley Dreamtech India
300 _axxiv, : 976
365 _cRS
999 _c1633
_d1633